ბათუმის შოთა რუსთაველის სახელმწიფო უნივერსიტეტის ბიბლიოთეკა

Native sources of Japanese industrialization, 1750-1920 / (ბიბ.ჩანაწერი № 63979)

000 -LEADER
fixed length control field 00813nam a22002057a 4500
003 - CONTROL NUMBER IDENTIFIER
control field Ge_BSU
005 - DATE AND TIME OF LATEST TRANSACTION
control field 20260302160632.0
008 - FIXED-LENGTH DATA ELEMENTS--GENERAL INFORMATION
fixed length control field 260302s1988 enk||||| |||| 00| 0 eng d
020 ## - INTERNATIONAL STANDARD BOOK NUMBER
International Standard Book Number 9780520062931x
041 ## - LANGUAGE CODE
Language code of text/sound track or separate title eng
080 ## - UNIVERSAL DECIMAL CLASSIFICATION NUMBER
Universal Decimal Classification number 338 : 316.334.23](520) S-68
100 ## - MAIN ENTRY--PERSONAL NAME
Personal name Smith, Thomas C.
9 (RLIN) 27030
245 ## - TITLE STATEMENT
Title Native sources of Japanese industrialization, 1750-1920 /
Statement of responsibility, etc. Thomas C. Smith.
264 ## - PRODUCTION, PUBLICATION, DISTRIBUTION, MANUFACTURE, AND COPYRIGHT NOTICE
Place of production, publication, distribution, manufacture Berkeley :
Name of producer, publisher, distributor, manufacturer University of California,
Date of production, publication, distribution, manufacture, or copyright notice 1988.
300 ## - PHYSICAL DESCRIPTION
Extent 278 p. ;
Other physical details 23 cm.
653 ## - INDEX TERM--UNCONTROLLED
keyword იაპონიის ეკონომიკის ისტორია
653 ## - INDEX TERM--UNCONTROLLED
keyword იაპონიის ინდუსტრიის ისტორია.
653 ## - INDEX TERM--UNCONTROLLED
keyword იაპონიის ინდუსტრიული სოციოლოგია
942 ## - ADDED ENTRY ELEMENTS (KOHA)
Source of classification or shelving scheme
Koha item type წიგნი
ეგზემპლარები
Withdrawn status Lost status Source of classification or shelving scheme Damaged status Not for loan Permanent Location Current Location Shelving location Date acquired Cost, normal purchase price Full call number Barcode Date last seen Copy number Uniform Resource Identifier Price effective from Koha item type Public note
          ბათუმის შოთა რუსთაველის სახელმწიფო უნივერსიტეტის მთავარი ბიბლიოთეკა ბათუმის შოთა რუსთაველის სახელმწიფო უნივერსიტეტის მთავარი ბიბლიოთეკა წიგნსაცავი 2026-03-02 12.00 338 : 316.334.23](520) S-68 73847 2026-03-02 73847 იაპონიის ელჩის საჩუქარი 2026-03-02 წიგნი 12 ლ.